| 000 | 00611nam a22002057a 4500 | ||
|---|---|---|---|
| 003 | OSt | ||
| 005 | 20240227095251.0 | ||
| 008 | 180717t xxu||||| |||| 00| 0 eng d | ||
| 020 | _a9789699515309 | ||
| 040 | _c0 | ||
| 082 |
_a322.9 _bAHM |
||
| 100 | 1 | 0 |
_aAhmad Salim _9121377 |
| 245 | 1 | 0 |
_aLiberal Politics in Indo-Pakistan Subcontinent/ _cAhmad Salim |
| 260 |
_aIslamabad; _c2013. |
||
| 300 |
_a94p.; _c20 cm. |
||
| 650 |
_aLiberalism _xHistory _9121378 |
||
| 650 |
_aPolitics _xHistory _zIndo-Pakistan _9121379 |
||
| 942 |
_2ddc _cBK _aSADA _k322.9 AHM 2013 |
||
| 999 |
_c608290 _d608290 |
||